| 000 | 00376nam a2200121 4500 | ||
|---|---|---|---|
| 999 |
_c11117 _d11117 |
||
| 008 | 181012b ||||| |||| 00| 0 eng d | ||
| 100 |
_932142 _aField trips. |
||
| 245 |
_aDepEd lifts no-field-trips order, issues guidelines/ _cMerlina Hernando-Malipot |
||
| 260 |
_aPhilippines _bManila Bulletin _cc2018 |
||
| 300 | _apage 3. | ||
| 650 | 0 |
_932143 _aField trips. |
|
| 942 |
_2ddc _cPER |
||